L'Escriptura a les terres gironines : segles IX-XVIII / M. Josepa Arnall i Juan, Josep M. Pons i Guri segles IX-XVIII / M. Josepa Arnall i Juan, Josep M. Pons i Guri

per Arnall i Juan, M. Josepa

Publicat: Girona : Diputació de Girona , 1993
Descripció física: 2 v. ; 29 cm

MARC

LEADER 00000nam a2200000Ia 4500
001 10649, 10650
008 160829s1993 xx 000 0 cat d
080 |a H-1-8, H-1-9 
100 |a Arnall i Juan, M. Josepa  |9 23793 
245 |a L'Escriptura a les terres gironines :  |b  segles IX-XVIII / M. Josepa Arnall i Juan, Josep M. Pons i Guri 
260 |a Girona :  |b Diputació de Girona,  |c 1993 
300 |a 2 v. ;  |c 29 cm 
590 |a Conté: v. 1: Text i transcripcions; v. 2: Làmines 
650 |a Paleografia catalana  |x Girona (Província)  |9 23794 
700 1 |a Pons i Guri, Josep M.  |q (Josep Maria),  |d 1909-2005  |9 26875 
700 |a Girona. Diputació 
901 |a Arxiu 
942 |n 1 
952 |0 0  |1 0  |4 0  |6 H18_H19  |7 1  |9 42858  |a Arxiu  |b Arxiu  |d 2016-12-01  |l 0  |o H-1-8, H-1-9  |p 10649, 10650  |r 2016-12-01 00:00:00  |w 2016-12-01  |y ARXIU 
999 |c 45364  |d 45364